000 00308nam a22001337a 4500
008 170801b xxu||||| |||| 00| 0 eng d
020 _a9780205430512
041 _aeng
080 _26TH
_a004
100 _a32
101 _aSHK
245 _aUSING TECHNOLOGY IN THE CLASSROOM
_cBITTER,G.G
942 _2udc
_cBK
999 _c22339
_d22339